| 000 | 01584cam a22003014a 4500 | ||
|---|---|---|---|
| 999 |
_c203778 _d203778 |
||
| 001 | 13414586 | ||
| 003 | OSt | ||
| 005 | 20201228121013.0 | ||
| 008 | 031124s2004 ctua b 001 0 eng | ||
| 010 | _a 2003066040 | ||
| 020 | _a9789390095131 | ||
| 040 |
_aDLC _cDLC _dDLC |
||
| 042 | _apcc | ||
| 050 | 0 | 0 |
_aTX145 _b.B582 2004 |
| 082 | 0 | 0 |
_a640 BHU _222 |
| 100 | _eBhutani Rjeev | ||
| 245 | 0 | 4 |
_aAatma Nirbhar Bharat : _bSelf-Reliant India , Challenges and Opportunities |
| 260 |
_aNew Delhi _bPentagon Press _c2020 |
||
| 300 |
_a198 p. : _bill. ; _c28 cm. |
||
| 505 | _aContents: 1. Introduction Part I Geopolitical Overview 2. Emerging Geopolitical Environment 3. India's Response Part II Impact Coronavirus and Challenges and Opportunities for India 4. The Novel Coronavirus 5. The Multitudinous Effects of the COVID-19 Pandemic 6. Emerging New World Order - Post-COVID-19 7. Challenges and Opportunities for India 8. Self-Reliant India\ 9. Conclusion | ||
| 650 | 0 |
_aHome economics. _xCOVID-19 - Challenges - India |
|
| 700 | 1 | _aSzykitka, Walter. | |
| 856 | 4 | 2 |
_3Contributor biographical information _uhttp://www.loc.gov/catdir/bios/globe051/2003066040.html |
| 856 | 4 | 2 |
_3Publisher description _uhttp://www.loc.gov/catdir/description/globe041/2003066040.html |
| 906 |
_a7 _bcbc _corignew _d1 _eocip _f20 _gy-gencatlg |
||
| 942 |
_2ddc _cBK |
||